header

"New" POPs in marine mammals in Nordic Arctic and NE Atlantic areas during three decades (Record no. 81259)

MARC details
000 -LEADER
fixed length control field 01132nam a2200265Ia 4500
100 1# - MAIN ENTRY--AUTHOR NAME
Personal name Dam, Maria.
245 10 - TITLE STATEMENT
Title "New" POPs in marine mammals in Nordic Arctic and NE Atlantic areas during three decades
260 ## - PUBLICATION, DISTRIBUTION, ETC. (IMPRINT)
Place of publication Copenhagen :
Name of publisher Nordic Council of Ministers,
Year of publication 2011.
300 ## - PHYSICAL DESCRIPTION
Number of Pages 119 p. :
Other physical details ill.
650 #0 - SUBJECT ADDED ENTRY--TOPICAL TERM
Topical Term Pollutants
Topical Term Marine mammals
856 40 - ELECTRONIC LOCATION AND ACCESS
Uniform Resource Identifier http://site.ebrary.com/lib/rucke/Doc?id=10570065

No items available.

© 2026 Rongo University
Contact us: librarian | system librarian | Rongo university